[Event "RUS-chT 1L"]
[Site "Sochi RUS"]
[Date "2005.04.20"]
[Round "4"]
[White "Sveshnikov, Evgeny"]
[Black "Torbin, Kirill"]
[Result "1-0"]
[WhiteElo "2499"]
[BlackElo "2360"]
[EventDate "2005.04.19"]
[PlyCount "93"]

1.e4 c5 2.c3 Nf6 3.e5 Nd5 4.Nf3 Nc6 5.Bc4 Nb6 6.Bb3 c4 7.Bc2 Qc7 8.Qe2 g5 
9.e6 dxe6 10.Nxg5 Qe5 11.d4 Qxe2+ 12.Kxe2 e5 13.dxe5 h6 14.Nf3 Bg7 15.h3 
Nxe5 16.Nxe5 Bxe5 17.Re1 Bd7 18.Kf1 Bf6 19.Nd2 Bc6 20.Ne4 Be5 21.f4 Bg7 
22.Nd6+ Kf8 23.Nf5 Bf6 24.Be4 Rc8 25.Bxc6 Rxc6 26.Be3 Nd5 27.Rad1 e6 28.
Nd4 Nxe3+ 29.Rxe3 Bxd4 30.Rxd4 Kg7 31.Rd7 Rb6 32.Re2 Rc8 33.g4 Rc5 34.Kf2 
Ra5 35.a3 Rab5 36.Rdd2 Kf6 37.Kf3 Rc6 38.h4 h5 39.g5+ Kf5 40.Rd8 Kg6 41.
Red2 e5 42.a4 Ra5 43.R2d7 exf4 44.Rg8+ Kh7 45.Rf8 Rf5 46.Rdd8 Ra5 47.Kxf4 
1-0

[Event "RUS-chT 1L"]
[Site "Sochi RUS"]
[Date "2005.04.20"]
[Round "4"]
[White "Turov, Maxim"]
[Black "Kolesnikov, Evgeny"]
[Result "1-0"]
[WhiteElo "2522"]
[BlackElo "2328"]
[EventDate "2005.04.19"]
[PlyCount "53"]

1.e4 c5 2.Nf3 e6 3.d4 cxd4 4.Nxd4 a6 5.Bd3 Nf6 6.O-O Qc7 7.Qe2 d6 8.c4 
Nbd7 9.f4 Be7 10.Kh1 b6 11.Nc3 Bb7 12.f5 e5 13.Nf3 O-O 14.Bd2 Nc5 15.Rac1 
Rfc8 16.Bb1 Qd7 17.b3 b5 18.b4 Na4 19.Nxa4 bxa4 20.Rfd1 Qc6 21.Bg5 a5 22.
b5 Qc5 23.Ne1 h6 24.Bh4 Rc7 25.Bf2 Qa3 26.Be3 Nd7 27.Rd3 1-0

[Event "RUS-chT 1L"]
[Site "Sochi RUS"]
[Date "2005.04.20"]
[Round "4"]
[White "Vitiugov, Nikita"]
[Black "Gankin, Stanislav"]
[Result "1/2-1/2"]
[WhiteElo "2482"]
[BlackElo "2338"]
[EventDate "2005.04.19"]
[PlyCount "105"]

1.d4 Nf6 2.c4 d6 3.Nc3 e5 4.Nf3 Nbd7 5.e4 Be7 6.Be2 O-O 7.O-O c6 8.Be3 Ng4
9.Bd2 Qc7 10.d5 c5 11.a3 a6 12.b4 b6 13.Ne1 Ngf6 14.Nd3 Kh8 15.Rb1 Re8 16.
g3 Bd8 17.Re1 Nf8 18.bxc5 bxc5 19.Bf3 Qe7 20.Na4 N6d7 21.Bg2 Bc7 22.Nc1 
Qd8 23.Nb3 Nf6 24.Nb2 Bd7 25.Qc2 Qe7 26.Na5 Reb8 27.Nd3 Qd8 28.Qc3 Bxa5 
29.Qxa5 Qxa5 30.Bxa5 Ne8 31.f4 f6 32.Kf2 Kg8 33.Ke3 Ng6 34.Kd2 Kf7 35.Bf3 
Nh8 36.Kc3 Ke7 37.Bb6 Nf7 38.Rb2 a5 39.Reb1 Rc8 40.Kd2 exf4 41.gxf4 g5 42.
e5 fxe5 43.fxe5 Nxe5 44.Nxe5 dxe5 45.d6+ Nxd6 46.Bxa8 Nxc4+ 47.Ke1 Nxb2 
48.Bb7 Nc4 49.Bxc8 Bxc8 50.Bxc5+ Ke6 51.Rb8 Kd7 52.Rb3 Kc6 53.Be7 1/2-1/2

[Event "RUS-chT 1L"]
[Site "Sochi RUS"]
[Date "2005.04.20"]
[Round "4"]
[White "Zontakh, Andrei"]
[Black "Ozgibtsev, Anatoly"]
[Result "1-0"]
[WhiteElo "2535"]
[BlackElo "2433"]
[EventDate "2005.04.19"]
[PlyCount "121"]

1.e4 d5 2.exd5 Nf6 3.Nf3 Qxd5 4.Be2 Bg4 5.O-O e6 6.d4 Nc6 7.h3 Bh5 8.Be3 
Be7 9.Nbd2 O-O 10.c3 Rfd8 11.Re1 a5 12.Bf4 Qd7 13.Bb5 Qc8 14.Qe2 Nd5 15.
Bg3 Bd6 16.Ne4 Bxg3 17.Nxg3 Bxf3 18.Qxf3 Nce7 19.Ne4 c6 20.Bd3 Qc7 21.Ng5 
Ng6 22.g3 Nf6 23.h4 Nf8 24.Rad1 b6 25.Qe2 N8d7 26.Bc2 Nf8 27.Nf3 Rac8 28.
a3 N8d7 29.Bd3 Qd6 30.Ne5 Qc7 31.Nf3 Qd6 32.Ba6 Rb8 33.Bc4 b5 34.Bd3 b4 
35.cxb4 axb4 36.a4 Ra8 37.Qc2 Qd5 38.Ne5 b3 39.Qc3 Rxa4 40.Bc4 Qd6 41.Bxb3
Nd5 42.Nxf7 Nxc3 43.Nxd6 Nxd1 44.Rxe6 Kf8 45.Bxa4 Nxb2 46.Bxc6 Nf6 47.Nf5 
Nd3 48.Bf3 Rb8 49.Be2 Rb1+ 50.Kg2 Ne1+ 51.Kh3 Rb2 52.h5 h6 53.Nh4 Nh7 54.
f4 Rb4 55.d5 Rd4 56.Ng6+ Kf7 57.Ne5+ Kf8 58.Bb5 Nf6 59.Ng6+ Kf7 60.Re7+ 
Kg8 61.Rxe1 1-0

[Event "RUS-chT 1L"]
[Site "Sochi RUS"]
[Date "2005.04.20"]
[Round "5"]
[White "Askarov, Marat"]
[Black "Rogovsky, Vladimir"]
[Result "0-1"]
[WhiteElo "2455"]
[BlackElo "2509"]
[EventDate "2005.04.19"]
[PlyCount "74"]

1.c4 e5 2.g3 Nf6 3.Bg2 c6 4.d4 Bb4+ 5.Bd2 Bxd2+ 6.Qxd2 d6 7.dxe5 dxe5 8.
Qxd8+ Kxd8 9.Nf3 Re8 10.Nc3 Bg4 11.h3 Bxf3 12.Bxf3 e4 13.Bg2 e3 14.f4 Nbd7
15.O-O Kc7 16.Rac1 Nc5 17.Rfd1 a5 18.g4 h5 19.Bf3 h4 20.g5 Nfe4 21.Bxe4 
Nxe4 22.Rd4 Ng3 23.Rcd1 Re7 24.Kg2 f6 25.gxf6 gxf6 26.Kf3 Rg8 27.Rg1 Rgg7 
28.Rd3 Nf1 29.Rxg7 Rxg7 30.Ke4 Rg3 31.c5 Rxh3 32.Na4 Ng3+ 33.Kf3 f5 34.Kg2
Nxe2 35.Kxh3 Nxf4+ 36.Kxh4 Nxd3 37.Nc3 Nxc5 0-1

[Event "RUS-chT 1L"]
[Site "Sochi RUS"]
[Date "2005.04.20"]
[Round "5"]
[White "Berezhevsky, Evgeny"]
[Black "Sharafiev, Azat"]
[Result "0-1"]
[WhiteElo "2385"]
[BlackElo "2272"]
[EventDate "2005.04.19"]
[PlyCount "78"]

1.d4 Nf6 2.c4 g6 3.Nc3 Bg7 4.e4 d6 5.Nf3 O-O 6.Be2 e5 7.O-O Nc6 8.d5 Ne7 
9.b4 Nh5 10.Re1 a5 11.bxa5 c5 12.Nd2 Nf4 13.Bf1 Rxa5 14.Nb3 Ra6 15.a4 g5 
16.g3 Neg6 17.gxf4 exf4 18.Bb2 g4 19.f3 Ne5 20.Nd2 Rb6 21.Ra2 Qh4 22.Bg2 
Nd3 23.Re2 Nxb2 24.Qc2 g3 25.Nf1 Nxc4 26.Nb5 Ne5 27.Ra3 Bd7 28.Qb3 h5 29.
hxg3 fxg3 30.f4 Bxb5 31.axb5 Ng4 32.e5 dxe5 33.Qxg3 Qxg3 34.Nxg3 exf4 35.
Nxh5 Bd4+ 36.Kf1 Rxb5 37.Be4 Ne3+ 38.Kg1 Re8 39.Bd3 c4 0-1

[Event "RUS-chT 1L"]
[Site "Sochi RUS"]
[Date "2005.04.20"]
[Round "5"]
[White "Gabdrakhmanov, Rafail"]
[Black "Babiy, Anatoly"]
[Result "0-1"]
[WhiteElo "2425"]
[BlackElo "2473"]
[EventDate "2005.04.19"]
[PlyCount "147"]

1.d4 Nf6 2.c4 e6 3.Nc3 Bb4 4.e3 O-O 5.Bd3 c5 6.Ne2 cxd4 7.exd4 d5 8.a3 
dxc4 9.Bxc4 Be7 10.O-O Nbd7 11.Qd3 Nb6 12.Ba2 Bd7 13.Bb1 Bc6 14.Bg5 g6 15.
Bh6 Re8 16.Rd1 Rc8 17.Ba2 Nbd5 18.Qh3 Qd6 19.Rac1 Bf8 20.Bg5 Bg7 21.Qh4 
Qf8 22.Nxd5 Nxd5 23.Bxd5 Bxd5 24.Nc3 Bc6 25.Rd3 h6 26.Rh3 h5 27.Rd1 f6 28.
Be3 a6 29.g4 Qf7 30.Rg3 g5 31.Qxh5 Qxh5 32.gxh5 Kf7 33.f4 g4 34.d5 exd5 
35.f5 Re5 36.h6 Bf8 37.h7 Rxe3 38.h8=N+ Kg7 39.Rxe3 Bc5 40.Rd3 Rxh8 41.Nd1
Rh3 42.b4 Bb6 43.Kf1 Bxe3 44.Rxe3 Rxh2 45.Nf2 Rh5 46.Rg3 Rxf5 47.Rxg4+ Rg5
48.Ke2 Rxg4 49.Nxg4 Kg6 50.Ke3 Kf5 51.Nh6+ Kg6 52.Ng4 Kg5 53.Nh2 Bb5 54.
Nf3+ Kg4 55.Nd4 f5 56.Kf2 Kf4 57.Ne6+ Ke5 58.Nc5 b6 59.Nb3 d4 60.Nd2 Bd3 
61.Kf3 Be4+ 62.Ke2 Kd5 63.Kf2 f4 64.a4 d3 65.a5 bxa5 66.bxa5 Kd4 67.Ke1 
Bd5 68.Kd1 Kc3 69.Nb1+ Kb2 70.Nd2 Bg2 71.Ke1 Kc2 72.Nc4 Bd5 73.Nd2 f3 74.
Nf1 0-1

[Event "RUS-chT 1L"]
[Site "Sochi RUS"]
[Date "2005.04.20"]
[Round "5"]
[White "Kolesnikov, Evgeny"]
[Black "Ionov, Sergei"]
[Result "1/2-1/2"]
[WhiteElo "2328"]
[BlackElo "2527"]
[EventDate "2005.04.19"]
[PlyCount "34"]

1.d4 Nf6 2.c4 e6 3.Nc3 Bb4 4.e3 c5 5.Ne2 cxd4 6.exd4 O-O 7.a3 Be7 8.Nf4 d6
9.Be2 e5 10.Nfd5 Nxd5 11.Nxd5 Nc6 12.dxe5 dxe5 13.Be3 Bg5 14.O-O Be6 15.
Bf3 Bxe3 16.fxe3 f5 17.Qb3 Rf7 1/2-1/2

[Event "RUS-chT 1L"]
[Site "Sochi RUS"]
[Date "2005.04.20"]
[Round "5"]
[White "Kositsin, Sergey"]
[Black "Ayupov, Damir"]
[Result "0-1"]
[WhiteElo "2446"]
[BlackElo "2364"]
[EventDate "2005.04.19"]
[PlyCount "68"]

1.e4 e6 2.d4 d5 3.e5 c5 4.c3 Nc6 5.Nf3 Qb6 6.a3 c4 7.Nbd2 Na5 8.g3 Bd7 9.
h4 f5 10.exf6 gxf6 11.Bh3 O-O-O 12.O-O h5 13.Re1 Nh6 14.Nh2 e5 15.Bxd7+ 
Rxd7 16.Qxh5 e4 17.Rb1 Qe6 18.Ndf1 Nf7 19.Qe2 Bd6 20.Ne3 f5 21.Ng2 Be7 22.
Nf1 Rdd8 23.Bf4 Rh7 24.Nfe3 Nh8 25.Be5 Ng6 26.Nf4 Nxf4 27.Bxf4 Bxh4 28.
gxh4 Rxh4 29.Ng2 Qg6 30.Bg3 Rh7 31.Qe3 Rdh8 32.Kf1 Qg4 33.Nh4 Rxh4 34.Bxh4
f4 0-1

[Event "RUS-chT 1L"]
[Site "Sochi RUS"]
[Date "2005.04.20"]
[Round "5"]
[White "Loginov, Valery"]
[Black "Maslak, Konstantin"]
[Result "1/2-1/2"]
[WhiteElo "2512"]
[BlackElo "2477"]
[EventDate "2005.04.19"]
[PlyCount "35"]

1.Nf3 Nf6 2.c4 g6 3.g3 Bg7 4.Bg2 O-O 5.d4 d6 6.O-O Nc6 7.Nc3 Bf5 8.d5 Na5 
9.Nd4 Bd7 10.b3 c5 11.dxc6 Nxc6 12.e3 a6 13.Bd2 Rc8 14.a4 e6 15.Rb1 d5 16.
cxd5 Nxd4 17.exd4 Nxd5 18.Nxd5 1/2-1/2

[Event "RUS-chT 1L"]
[Site "Sochi RUS"]
[Date "2005.04.20"]
[Round "5"]
[White "Novik, Maxim"]
[Black "Isaevsky, Anton"]
[Result "1-0"]
[WhiteElo "2494"]
[BlackElo "2429"]
[EventDate "2005.04.19"]
[PlyCount "41"]

1.Nf3 c5 2.c4 b6 3.g3 Bb7 4.Bg2 Nf6 5.O-O g6 6.Nc3 Bg7 7.d4 cxd4 8.Qxd4 d6
9.Rd1 Nbd7 10.Be3 O-O 11.Qh4 Rc8 12.Rac1 Re8 13.b3 a6 14.g4 b5 15.cxb5 
Nxg4 16.Qxg4 Rxc3 17.Rxc3 Bxc3 18.Qc4 Qa5 19.Ng5 d5 20.Bxd5 Bxd5 21.Rxd5 
1-0

[Event "RUS-chT 1L"]
[Site "Sochi RUS"]
[Date "2005.04.20"]
[Round "5"]
[White "Ozgibtsev, Anatoly"]
[Black "Sambuev, Bator"]
[Result "1/2-1/2"]
[WhiteElo "2433"]
[BlackElo "2505"]
[EventDate "2005.04.19"]
[PlyCount "74"]

1.e4 d6 2.d4 g6 3.Nf3 Bg7 4.Nc3 a6 5.a4 Bg4 6.Be2 e6 7.Be3 Ne7 8.Ng1 Bxe2 
9.Ngxe2 Nd7 10.O-O d5 11.Qd2 O-O 12.Bh6 dxe4 13.Bxg7 Kxg7 14.Nxe4 Nf5 15.
Rfd1 Nf6 16.N2c3 Nd6 17.Qf4 Nfxe4 18.Nxe4 Nxe4 19.Qxe4 Qd5 20.Qxd5 exd5 
21.Re1 Rfe8 22.Rxe8 Rxe8 23.Kf1 Re4 24.c3 Kf6 25.Re1 Ke6 26.f3 Rxe1+ 27.
Kxe1 Kd6 28.Kd2 Kc6 29.b4 b5 30.a5 Kd6 31.Ke3 Ke6 32.Kf4 Kf6 33.g4 h6 34.
h3 h5 35.Kg3 Kg5 36.f4+ Kf6 37.Kf3 hxg4+ 1/2-1/2

[Event "RUS-chT 1L"]
[Site "Sochi RUS"]
[Date "2005.04.20"]
[Round "5"]
[White "Rodchenkov, Sergei"]
[Black "Sokolov, Dmitri"]
[Result "0-1"]
[WhiteElo "2359"]
[BlackElo "2398"]
[EventDate "2005.04.19"]
[PlyCount "96"]

1.e4 c5 2.Nf3 Nc6 3.Bb5 g6 4.Bxc6 bxc6 5.O-O Bg7 6.Re1 Nh6 7.c3 O-O 8.d4 
cxd4 9.cxd4 d6 10.h3 f6 11.Nc3 Nf7 12.b3 Bd7 13.Bb2 Qa5 14.Ne2 e5 15.dxe5 
fxe5 16.Nc3 Qd8 17.Bc1 Qf6 18.Be3 Be6 19.Na4 g5 20.Nh2 Qg6 21.Rc1 Qxe4 22.
Bxa7 Qf5 23.Be3 d5 24.Qc2 e4 25.Rcd1 Ne5 26.Nc5 Bc8 27.Qe2 Ng6 28.f3 exf3 
29.Nxf3 g4 30.Nd4 Bxd4 31.Bxd4 gxh3 32.Rf1 Nf4 33.Qe7 Qg6 34.Rd2 Re8 35.
Qf6 Qxf6 36.Bxf6 Re2 37.Bc3 Rxd2 38.Bxd2 Ne2+ 39.Kh2 hxg2 40.Kxg2 Rxa2 41.
Bb4 Nd4+ 42.Kg3 Re2 43.Ra1 Kf7 44.Ra7+ Kg6 45.Rc7 Bf5 46.Nb7 Re3+ 47.Kg2 
Be4+ 48.Kf2 Rf3+ 0-1

[Event "RUS-chT 1L"]
[Site "Sochi RUS"]
[Date "2005.04.20"]
[Round "5"]
[White "Shkurikhin, Ilia"]
[Black "Anisimov, Pavel"]
[Result "0-1"]
[WhiteElo "2284"]
[BlackElo "2476"]
[EventDate "2005.04.19"]
[PlyCount "70"]

1.d4 Nf6 2.c4 e6 3.Nf3 b6 4.a3 c5 5.d5 Ba6 6.Qc2 Qe7 7.Bg5 exd5 8.Bxf6 
Qxf6 9.cxd5 g6 10.Nc3 Bg7 11.e4 Bxf1 12.Kxf1 O-O 13.e5 Qe7 14.Re1 d6 15.e6
Na6 16.h4 Nc7 17.Ng5 fxe6 18.Nxe6 Rf5 19.Nxc5 Qf7 20.Ne6 Bxc3 21.bxc3 Nxd5
22.Ng5 Qc7 23.Rh3 Raf8 24.Ne4 Nf4 25.Qb3+ d5 26.Rhe3 Kh8 27.Ng3 R5f7 28.
Kg1 Qc6 29.Qb4 Qc4 30.Qxc4 dxc4 31.Re8 Nd3 32.Rxf8+ Rxf8 33.Re7 Nxf2 34.
Rc7 b5 35.Rxa7 Ng4 0-1

[Event "RUS-chT 1L"]
[Site "Sochi RUS"]
[Date "2005.04.20"]
[Round "5"]
[White "Shomoev, Anton"]
[Black "Firman, Nazar"]
[Result "0-1"]
[WhiteElo "2540"]
[BlackElo "2471"]
[EventDate "2005.04.19"]
[PlyCount "94"]

1.e4 e6 2.d4 d5 3.Nc3 Nc6 4.e5 f6 5.Bb5 a6 6.Bxc6+ bxc6 7.Na4 a5 8.Bf4 Ba6
9.Qh5+ g6 10.Qh3 f5 11.Nf3 Qb8 12.b3 c5 13.c4 dxc4 14.O-O cxb3 15.Rfb1 Qb4
16.axb3 cxd4 17.Bd2 Qb5 18.Nxd4 Qd5 19.Bc3 Bb4 20.Rd1 Rd8 21.Nb2 Bxc3 22.
Qxc3 Bb7 23.f3 Qxe5 24.Nc4 Qf6 25.Nxa5 Bd5 26.Nac6 Bxc6 27.Qxc6+ Kf7 28.
Qxc7+ Ne7 29.Nb5 Rd5 30.Nd6+ Kg7 31.Re1 Rd2 32.Kh1 Re2 33.Rac1 Rxe1+ 34.
Rxe1 Ra8 35.h3 Kh6 36.Qc1+ Kg7 37.Qe3 Nd5 38.Qc5 Kh6 39.Qc6 Ra1 40.Rxa1 
Qxa1+ 41.Kh2 Qe5+ 42.Kh1 Qe1+ 43.Kh2 Ne3 44.Nf7+ Kh5 45.f4 Nf1+ 46.Kh1 
Ng3+ 47.Kh2 Kh4 0-1

[Event "RUS-chT 1L"]
[Site "Sochi RUS"]
[Date "2005.04.20"]
[Round "5"]
[White "Soloviov, Sergei"]
[Black "Zigangirova, Sofya"]
[Result "1-0"]
[WhiteElo "2473"]
[BlackElo "2312"]
[EventDate "2005.04.19"]
[PlyCount "73"]

1.e4 c5 2.Nf3 Nc6 3.d4 cxd4 4.Nxd4 g6 5.Nc3 Bg7 6.Be3 Nf6 7.Bc4 O-O 8.Bb3 
e6 9.Nxc6 bxc6 10.Bc5 Re8 11.Bd6 Ba6 12.Qf3 Qa5 13.O-O-O Rec8 14.Be7 Qg5+ 
15.Kb1 d5 16.Rhe1 Re8 17.Bd6 Nd7 18.h4 Qxh4 19.Rh1 Qf6 20.Qh3 h6 21.f4 
dxe4 22.g4 Bb5 23.a4 Ba6 24.g5 Qf5 25.gxh6 Qxh3 26.Rxh3 Bxc3 27.h7+ Kg7 
28.Rxc3 Rec8 29.Bb4 Nf6 30.Rd6 Nd5 31.Bxd5 exd5 32.Bc5 Be2 33.Rd7 Kf6 34.
Rxa7 Ke6 35.Rg3 Bh5 36.Rg5 f6 37.h8=Q 1-0

[Event "RUS-chT 1L"]
[Site "Sochi RUS"]
[Date "2005.04.20"]
[Round "5"]
[White "Yurtaev, Leonid"]
[Black "Klimov, Sergey"]
[Result "1-0"]
[WhiteElo "2515"]
[BlackElo "2490"]
[EventDate "2005.04.19"]
[PlyCount "63"]

1.e4 c5 2.Nf3 e6 3.d4 cxd4 4.Nxd4 Nc6 5.Nc3 Qc7 6.a3 a6 7.f4 b5 8.Nxc6 
Qxc6 9.Bd3 Bb7 10.O-O Nf6 11.Qe2 Bc5+ 12.Be3 d6 13.Rf3 O-O 14.Kh1 b4 15.
axb4 Bxb4 16.Na2 a5 17.e5 Nd7 18.Rg3 dxe5 19.fxe5 Nxe5 20.Bxh7+ Kxh7 21.
Qh5+ Kg8 22.Qxe5 f6 23.Qh5 Rf7 24.Nxb4 axb4 25.Rxa8+ Bxa8 26.Qa5 Qe4 27.h3
f5 28.Qd8+ Kh7 29.Qe8 Qe5 30.Bf2 f4 31.Rg4 Rc7 32.Rh4+ 1-0

[Event "RUS-chT 1L"]
[Site "Sochi RUS"]
[Date "2005.04.23"]
[Round "5"]
[White "Deviatkin, Andrei"]
[Black "Bezgodov, Alexei"]
[Result "1/2-1/2"]
[WhiteElo "2510"]
[BlackElo "2555"]
[EventDate "2005.04.19"]
[PlyCount "120"]

1.e4 e5 2.Nf3 Nf6 3.Nxe5 d6 4.Nf3 Nxe4 5.Nc3 Nf6 6.d4 Be7 7.h3 O-O 8.Bd3 
c5 9.O-O Nc6 10.a3 cxd4 11.Nb5 d5 12.Nbxd4 Bc5 13.Be3 Bb6 14.c3 Re8 15.Qc2
Bd7 16.Rad1 Rc8 17.Rfe1 h6 18.Nxc6 bxc6 19.Bd4 Rxe1+ 20.Rxe1 c5 21.Be5 Bc7
22.c4 d4 23.b4 Bc6 24.Qd1 Nd7 25.Bxc7 Qxc7 26.Nh4 Ne5 27.Nf5 Rd8 28.Qe2 
Re8 29.Qd2 Qd8 30.Re2 Re6 31.Ng3 Qe7 32.bxc5 Qxc5 33.f4 Nxc4 34.Qb4 Qxb4 
35.axb4 Ne3 36.b5 Bd5 37.Rd2 Rf6 38.f5 Rd6 39.Ne4 Rd7 40.f6 Nc4 41.Rc2 Nb6
42.fxg7 Kxg7 43.Kf2 Bxe4 44.Bxe4 Na4 45.Ke2 Nc3+ 46.Kd3 Nxe4 47.Kxe4 d3 
48.Rd2 Rb7 49.Rxd3 Rxb5 50.Rd7 a5 51.g4 Rb3 52.Ra7 Ra3 53.Ra6 a4 54.Kf4 h5
55.Kg5 hxg4 56.hxg4 Ra1 57.Kf4 f6 58.Kg3 Kg6 59.Ra5 Kf7 60.Ra6 Ra3+ 
1/2-1/2

[Event "RUS-chT 1L"]
[Site "Sochi RUS"]
[Date "2005.04.23"]
[Round "5"]
[White "Dvoirys, Semen"]
[Black "Nikolenko, Oleg"]
[Result "1/2-1/2"]
[WhiteElo "2568"]
[BlackElo "2527"]
[EventDate "2005.04.19"]
[PlyCount "35"]

1.e4 e6 2.d4 d5 3.e5 c5 4.c3 Nc6 5.Nf3 Nh6 6.dxc5 Bxc5 7.b4 Bb6 8.Bxh6 
gxh6 9.Qd2 Qc7 10.Qf4 f6 11.Qxf6 Rf8 12.Qxh6 Rxf3 13.gxf3 Qxe5+ 14.Be2 Bd7
15.Qh4 Ne7 16.Qxh7 O-O-O 17.Qd3 Be8 18.f4 1/2-1/2

[Event "RUS-chT 1L"]
[Site "Sochi RUS"]
[Date "2005.04.23"]
[Round "5"]
[White "Gabrielian, Artur"]
[Black "Vorobiov, Evgeny"]
[Result "1/2-1/2"]
[WhiteElo "2481"]
[BlackElo "2550"]
[EventDate "2005.04.19"]
[PlyCount "120"]

1.e4 c5 2.Nf3 d6 3.d4 cxd4 4.Nxd4 Nf6 5.Nc3 a6 6.Be2 e6 7.a4 Nc6 8.O-O Be7
9.Be3 O-O 10.f4 Qc7 11.Kh1 Re8 12.Bf3 Bf8 13.Nb3 Nd7 14.g4 b6 15.g5 Na5 
16.Bg2 Nc4 17.Bc1 Bb7 18.Nd4 Rac8 19.f5 exf5 20.Nxf5 Nc5 21.Nd5 Bxd5 22.
Qxd5 Ne5 23.b3 Ne6 24.c4 Qd8 25.Ba3 Nc5 26.Nd4 Qxg5 27.Rf5 Qe7 28.Raf1 g6 
29.Rf6 Bg7 30.R6f2 Qb7 31.Bxc5 Qxd5 32.exd5 bxc5 33.Nc6 f5 34.Re2 Kf8 35.
Rb1 Nd3 36.Re6 Rxe6 37.dxe6 Ke8 38.b4 cxb4 39.Nxb4 Nxb4 40.Rxb4 Rc7 41.Bd5
Ke7 42.Rb6 a5 43.Ra6 Bc3 44.Kg2 g5 45.Ra8 h5 46.Rg8 g4 47.Kf1 Kf6 48.Rf8+ 
Kg5 49.Rg8+ Kf4 50.Rd8 Be5 51.Ra8 Bc3 52.Rd8 Ke3 53.Rxd6 f4 54.Rd7 Rxd7 
55.exd7 Bf6 56.Bf7 h4 57.Bh5 g3 58.hxg3 hxg3 59.Kg2 Kd4 60.c5 Kxc5 1/2-1/2

[Event "RUS-chT 1L"]
[Site "Sochi RUS"]
[Date "2005.04.23"]
[Round "5"]
[White "Gladyshev, Oleg"]
[Black "Lugovoi, Alexei"]
[Result "1/2-1/2"]
[WhiteElo "2434"]
[BlackElo "2557"]
[EventDate "2005.04.19"]
[PlyCount "82"]

1.d4 Nf6 2.c4 e6 3.Nc3 Bb4 4.Qc2 O-O 5.a3 Bxc3+ 6.Qxc3 b6 7.Nf3 Bb7 8.e3 
c5 9.Be2 cxd4 10.exd4 d6 11.O-O Nbd7 12.b4 Rc8 13.Qb3 Ba6 14.Re1 Qc7 15.
Nd2 d5 16.c5 Bxe2 17.Rxe2 Rfe8 18.Bb2 a5 19.Rc1 axb4 20.axb4 Qb7 21.Ree1 
h6 22.h3 Rc7 23.Qg3 Rec8 24.Bc3 Qa6 25.Ra1 Qb5 26.Qe3 bxc5 27.bxc5 Rb7 28.
Reb1 Qc6 29.Rxb7 Qxb7 30.Qe2 Ne4 31.Nxe4 dxe4 32.Qa6 Qxa6 33.Rxa6 Nf6 34.
Ba5 Nd5 35.Rd6 Kf8 36.c6 Ke7 37.Rd7+ Ke8 38.Rd6 Ke7 39.Rd7+ Ke8 40.Rd6 Nc7
41.Rd7 Nd5 1/2-1/2

[Event "RUS-chT 1L"]
[Site "Sochi RUS"]
[Date "2005.04.23"]
[Round "5"]
[White "Iskusnyh, Sergei"]
[Black "Krutko, Anatoly"]
[Result "1-0"]
[WhiteElo "2474"]
[BlackElo "2358"]
[EventDate "2005.04.19"]
[PlyCount "99"]

1.d4 Nf6 2.c4 g6 3.Nc3 Bg7 4.e4 d6 5.Be2 O-O 6.Nf3 e5 7.Be3 Nc6 8.d5 Ne7 
9.Nd2 Nd7 10.b4 f5 11.f3 c5 12.bxc5 Nxc5 13.O-O Bd7 14.Nb3 b6 15.Nxc5 bxc5
16.Rb1 Rb8 17.Qc2 Rb6 18.Nb5 fxe4 19.fxe4 Rxf1+ 20.Bxf1 Nc8 21.Rb3 Bf6 22.
Qd2 a6 23.Nc3 Qc7 24.Qb2 Bd8 25.Bd2 Be7 26.Qa3 Qd8 27.Nd1 Bg5 28.Rxb6 Nxb6
29.Bxg5 Qxg5 30.Qxa6 Ba4 31.Nf2 Qd8 32.Qb7 Bd7 33.g3 Kf8 34.h4 Ke8 35.Be2 
h5 36.Bf1 Kf8 37.Kh2 Kg8 38.Nh3 Bxh3 39.Bxh3 Nxc4 40.Be6+ Kh8 41.Qf7 Ne3 
42.Qxg6 Ng4+ 43.Kg2 Qf8 44.Qxh5+ Nh6 45.Qf3 Qe7 46.a4 Kg7 47.a5 Qb7 48.g4 
c4 49.g5 Ng8 50.a6 1-0

[Event "RUS-chT 1L"]
[Site "Sochi RUS"]
[Date "2005.04.23"]
[Round "5"]
[White "Ivanov, Timur"]
[Black "Balberov, Alexander"]
[Result "0-1"]
[WhiteElo "2408"]
[BlackElo "2403"]
[EventDate "2005.04.19"]
[PlyCount "110"]

1.Nf3 Nf6 2.c4 g6 3.Nc3 Bg7 4.e4 d6 5.d4 O-O 6.Be2 c5 7.O-O cxd4 8.Nxd4 
Nc6 9.Be3 Nxd4 10.Bxd4 Nd7 11.Bxg7 Kxg7 12.Re1 b6 13.Qd4+ Kg8 14.Rad1 Bb7 
15.Bf1 Rc8 16.Re3 Re8 17.Qd2 Qc7 18.Rde1 Bc6 19.Rh3 Nf8 20.f4 Bd7 21.Rg3 
a6 22.Kh1 Qb7 23.a4 a5 24.f5 Rc5 25.Nd5 Bc6 26.f6 Bxd5 27.exd5 Nd7 28.Rxe7
Rxe7 29.fxe7 Nf6 30.Re3 Ne8 31.Qe1 Qd7 32.Qh4 Kg7 33.Qd4+ Kg8 34.b3 Qf5 
35.Kg1 Qg5 36.h4 Qh6 37.Re1 Qg7 38.Qe3 h5 39.g3 Qf6 40.Bh3 Rc7 41.Kh1 Kg7 
42.Kh2 Qb2+ 43.Re2 Qf6 44.Qxb6 Rxe7 45.Rxe7 Qxe7 46.Qxa5 Qe2+ 47.Bg2 Qe3 
48.c5 Nf6 49.Qa6 Ng4+ 50.Kh1 Qxg3 51.Kg1 Qf2+ 52.Kh1 Qxh4+ 53.Kg1 Qf2+ 54.
Kh1 Ne3 55.Bh3 Qh4 0-1

[Event "RUS-chT 1L"]
[Site "Sochi RUS"]
[Date "2005.04.23"]
[Round "5"]
[White "Kornev, Alexei"]
[Black "Chebotarev, Oleg"]
[Result "0-1"]
[WhiteElo "2565"]
[BlackElo "2480"]
[EventDate "2005.04.19"]
[PlyCount "132"]

1.c4 e6 2.Nc3 Nf6 3.d4 Bb4 4.e3 b6 5.Ne2 O-O 6.a3 Be7 7.d5 Re8 8.g3 Bb7 9.
Bg2 d6 10.O-O c6 11.e4 Bf8 12.dxe6 fxe6 13.f4 e5 14.h3 Nbd7 15.f5 Qe7 16.
g4 h6 17.Ng3 Nh7 18.Be3 Rad8 19.Qe2 Nc5 20.f6 Nxf6 21.g5 hxg5 22.Bxg5 Ncd7
23.h4 Ba6 24.Bh3 d5 25.exd5 Qc5+ 26.Be3 Bxc4 27.Qd2 Qxe3+ 28.Qxe3 Bc5 29.
Qxc5 Nxc5 30.dxc6 Bxf1 31.Rxf1 Rd3 32.Kg2 Ne6 33.Bf5 Rd6 34.Bg6 Nf4+ 35.
Rxf4 exf4 36.Bxe8 Nxe8 37.Nf5 Rd2+ 38.Kf3 Rxb2 39.Kxf4 Rc2 40.Ne4 Kf7 41.
Nd4 Rc1 42.Ke5 Ke7 43.h5 Rh1 44.Ng3 Re1+ 45.Kf5 Re3 46.Ne4 Nd6+ 47.Nxd6 
Kxd6 48.Kg6 Rg3+ 49.Kf5 a6 50.a4 Rd3 51.c7 Kxc7 52.Ne6+ Kd6 53.Nxg7 Kc5 
54.h6 Kb4 55.h7 Rd8 56.Ne6 Rh8 57.Kg6 Kxa4 58.Kg7 Rxh7+ 59.Kxh7 a5 60.Kg6 
Kb3 61.Kf5 a4 62.Nd4+ Kb2 63.Ke4 a3 64.Kd3 a2 65.Nc2 b5 66.Kd2 b4 0-1

[Event "RUS-chT 1L"]
[Site "Sochi RUS"]
[Date "2005.04.23"]
[Round "5"]
[White "Kurnosov, Igor"]
[Black "Dobrov, Vladimir"]
[Result "0-1"]
[WhiteElo "2550"]
[BlackElo "2521"]
[EventDate "2005.04.19"]
[PlyCount "154"]

1.e4 c5 2.Nf3 e6 3.d4 cxd4 4.Nxd4 Nc6 5.Nc3 d6 6.Be3 Nf6 7.Qe2 e5 8.Nf3 h6
9.h3 Be6 10.g4 Qa5 11.O-O-O Bxa2 12.Qb5 Qxb5 13.Nxb5 Rc8 14.Nxd6+ Bxd6 15.
Rxd6 Nb4 16.c3 Ke7 17.Rd1 Bb3 18.Re1 Nc2 19.Re2 Nxe3 20.Rxe3 Rc5 21.Nd2 
Be6 22.b4 Rc7 23.Kc2 a5 24.bxa5 Ra8 25.Bb5 Rxa5 26.Rb1 Nd7 27.Bxd7 Rxd7 
28.Nf3 Kf6 29.Rb2 Ra1 30.Re1 Rxe1 31.Nxe1 Kg5 32.Nd3 Rc7 33.Rb5 Kh4 34.
Rxe5 Kxh3 35.g5 Kg4 36.gxh6 gxh6 37.f4 Bc4 38.Rf5 Kf3 39.Ne5+ Kxe4 40.Rh5 
Be6 41.Rh4 Bf5 42.Kd2 f6 43.Ng4 Bxg4 44.Rxg4 h5 45.Rh4 Rh7 46.Ke2 f5 47.
Kf2 b5 48.Rh1 Kd3 49.Rh3+ Kc4 50.Re3 Rd7 51.Ke2 h4 52.Rh3 Rd5 53.Re3 Rd8 
54.Rh3 Kb3 55.Re3 Rh8 56.Kf2 h3 57.Kg1 h2+ 58.Kh1 Kc4 59.Re5 Rh5 60.Re3 
Rh4 61.Rf3 Kb3 62.Re3 Rxf4 63.Kxh2 Rc4 64.Re5 Ka4 65.Re3 Rc5 66.Kg2 Kb3 
67.Kf2 Rxc3 68.Re5 b4 69.Rxf5 Kc2 70.Re5 b3 71.Re2+ Kd3 72.Re3+ Kd4 73.Re8
Rc2+ 74.Kf3 b2 75.Rb8 Kd3 76.Rd8+ Kc3 77.Rc8+ Kd2 0-1

[Event "RUS-chT 1L"]
[Site "Sochi RUS"]
[Date "2005.04.23"]
[Round "5"]
[White "Miroshnichenko, Evgeny"]
[Black "Makarov, Marat"]
[Result "1-0"]
[WhiteElo "2628"]
[BlackElo "2515"]
[EventDate "2005.04.19"]
[PlyCount "139"]

1.Nf3 d5 2.c4 dxc4 3.Na3 a6 4.Nxc4 b5 5.Ne3 Bb7 6.g3 e6 7.Bg2 Nf6 8.O-O c5
9.a4 Nbd7 10.d4 Be7 11.dxc5 Bxc5 12.Nd4 Bxg2 13.Nxg2 bxa4 14.Qxa4 O-O 15.
Nb3 Qb6 16.Nf4 Rfb8 17.Na5 Ne5 18.Nc4 Nxc4 19.Qxc4 Rc8 20.Qa4 Be7 21.Nd3 
Qb5 22.Bd2 Qh5 23.f3 Qd5 24.Rfd1 Qb7 25.Rdc1 Rxc1+ 26.Rxc1 h6 27.Rc6 Nd5 
28.Kg2 Bf6 29.b4 Ne7 30.Rc2 Nf5 31.Ra2 Nd4 32.Be3 Nb5 33.Nc5 Qd5 34.Qc2 
Nc3 35.Ra3 Qe5 36.Bf2 Nd5 37.Rxa6 Rc8 38.Qd2 Qc7 39.b5 Bg5 40.f4 Be7 41.
Rc6 Qb8 42.Qa5 Rd8 43.Nd3 Bf6 44.Qa6 Nc7 45.Qa5 Nd5 46.Kh3 Nc3 47.Rxc3 
Bxc3 48.Qxc3 Qxb5 49.Bc5 Qb7 50.Ne5 f6 51.Nf3 Qe4 52.Be3 Rd5 53.Kg2 e5 54.
Kf2 exf4 55.Bxf4 Rd8 56.Qb3+ Qd5 57.Qc2 Qe6 58.Nh4 Rc8 59.Qd3 Qc4 60.Qg6 
Qf7 61.Qg4 Rc4 62.Nf5 Kh7 63.Nd6 Qa7+ 64.Kg2 Rc5 65.Qf3 Qd7 66.Qd3+ f5 67.
Kf2 Qc6 68.Nxf5 g6 69.Nxh6 Qe6 70.Qe3 1-0

[Event "RUS-chT 1L"]
[Site "Sochi RUS"]
[Date "2005.04.23"]
[Round "5"]
[White "Ogloblin, Nikolay"]
[Black "Obolenskikh, Dmitry"]
[Result "1-0"]
[WhiteElo "2424"]
[BlackElo "2406"]
[EventDate "2005.04.19"]
[PlyCount "107"]

1.d4 Nf6 2.Nf3 g6 3.c4 Bg7 4.Nc3 O-O 5.e4 d6 6.h3 e5 7.d5 Na6 8.Bg5 Qe8 9.
g4 Nd7 10.Nd2 f5 11.gxf5 gxf5 12.Be2 Ndc5 13.Rg1 Qg6 14.Rg3 f4 15.Bxf4 Qf6
16.Be3 Kh8 17.Nf3 Bh6 18.Ng5 Bxg5 19.Rxg5 Bxh3 20.Kd2 Rg8 21.Qg1 c6 22.Qg3
cxd5 23.cxd5 Rxg5 24.Bxg5 Qg6 25.Rg1 Bd7 26.Bh5 Qg7 27.Qh4 Rf8 28.f3 h6 
29.Be3 Qf6 30.Qxf6+ Rxf6 31.Bf2 Rf8 32.Bh4 Rg8 33.Rxg8+ Kxg8 34.Be7 Bh3 
35.Bxd6 Nd7 36.f4 Nf6 37.Bf3 exf4 38.Bxf4 h5 39.e5 Bg4 40.Bg2 Ne8 41.Ke3 
Nb4 42.Be4 Kf7 43.a3 Na6 44.b4 Nac7 45.Bg5 b6 46.Bd8 Kg7 47.Kf4 Kf7 48.Kg5
a5 49.Kh6 axb4 50.axb4 b5 51.Bg6+ Kf8 52.d6 Nxd6 53.exd6 Na6 54.Kh7 1-0